| 000 | 00387 a2200169 4500 | ||
|---|---|---|---|
| 001 | 190114 | ||
| 020 | _a85-7319-395-6 | ||
| 040 | _cMagnum | ||
| 100 | _aAnastasia, Carla Maria Junho | ||
| 240 | 1 | 0 |
_aHistórias, imagens e textos _lpor |
| 245 | 1 | 0 | _aHistórias, imagens e textos |
| 300 | _a118 | ||
| 362 | 0 | _a2002 | |
| 440 | 1 | _aDimensão | |
| 697 | _aHISTÓRIA GERAL | ||
| 942 | _cBK | ||
| 999 |
_c190114 _d190114 |
||